[Event "Bad Woerishofen Seniors op 18th"]
[Site "Bad Woerishofen"]
[Date "2002.03.12"]
[Round "6"]
[White "Eisenhuth, Matthias"]
[Black "Czeitschner, Roland"]
[Result "1-0"]
[WhiteElo "1695"]
[BlackElo "1821"]
[PlyCount "83"]
[EventDate "2002.03.??"]
[EventType "swiss"]
[EventRounds "9"]
[EventCountry "GER"]
[SourceTitle "EXT 2006"]
[Source "ChessBase"]
[SourceDate "2005.11.24"]
[SourceVersion "1"]
[SourceVersionDate "2005.11.24"]
[SourceQuality "1"]

1. d4 Nf6 2. c4 g6 3. f3 d5 4. cxd5 Nxd5 5. e4 Nf6 6. Nc3 Bg7 7. Bc4 e6 8. Bg5 h6 9. Be3 c6 10. Qd2 b6 11. Nge2 Bb7 12. 0-0 Nbd7 13. a4 g5 14. f4 Ng4 15. e5 Nxe3 16. Qxe3 gxf4 17. Qxf4 Rf8 18. Ne4 Qc7 19. Nd6+ Ke7 20. Qg4 Bxe5 21. Rxf7+ Kd8 22. Rxf8+ Nxf8 23. dxe5 b5 24. Qh4+ Kd7 25. axb5 cxb5 26. Bxb5+ Bc6 27. Bxc6+ Qxc6 28. Qa4 Ng6 29. Qxc6+ Kxc6 30. Nf7 h5 31. Ra6+ Kd5 32. Rd6+ Ke4 33. Rxe6 Nh4 34. Ng3+ Ke3 35. Rc6 Rb8 36. Rc2 Rb7 37. e6 Re7 38. Re2+ Kd3 39. Kf2 Ng6 40. Re3+ Kc2 41. Nf5 Rb7 42. e7 1-0

[Event "Bad Woerishofen Seniors op 18th"]
[Site "Bad Woerishofen"]
[Date "2002.03.10"]
[Round "4"]
[White "Eisenhuth, Matthias"]
[Black "Hennige, Anneliese"]
[Result "1-0"]
[WhiteElo "1695"]
[BlackElo "1144"]
[PlyCount "41"]
[EventDate "2002.03.??"]
[EventType "swiss"]
[EventRounds "9"]
[EventCountry "GER"]
[SourceTitle "EXT 2006"]
[Source "ChessBase"]
[SourceDate "2005.11.24"]
[SourceVersion "1"]
[SourceVersionDate "2005.11.24"]
[SourceQuality "1"]

1. d4 Nf6 2. c4 e6 3. a3 Be7 4. Nc3 c5 5. d5 d6 6. e4 e5 7. Bd3 0-0 8. Nge2 a6 9. 0-0 Bd7 10. f4 exf4 11. Bxf4 Ng4 12. h3 Ne5 13. Bxe5 dxe5 14. Ng3 g6 15. Rf3 Qb6 16. Rb1 Qa5 17. Qd2 Qb6 18. Qh6 Qd8 19. Nh5 gxh5 20. Rg3+ Kh8 21. Qg7# 1-0

[Event "Bad Woerishofen Seniors op 17th"]
[Site "Bad Woerishofen"]
[Date "2001.03.21"]
[Round "7"]
[White "Gmeinwieser, Helmut"]
[Black "Eisenhuth, Matthias"]
[Result "1-0"]
[WhiteElo "1687"]
[BlackElo "1712"]
[PlyCount "77"]
[EventDate "2001.03.??"]
[EventType "swiss"]
[EventRounds "9"]
[EventCountry "GER"]
[SourceTitle "EXT 2002"]
[Source "ChessBase"]
[SourceDate "2001.11.25"]
[SourceVersion "1"]
[SourceVersionDate "2001.11.25"]
[SourceQuality "1"]

1. e4 d5 2. exd5 Qxd5 3. Nc3 Qa5 4. d4 c6 5. Bc4 Bf5 6. Nf3 Nf6 7. 0-0 e6 8. Re1 Nbd7 9. Bd2 Qc7 10. a3 Bd6 11. h3 h6 12. b4 Nb6 13. Bb3 0-0 14. Ne5 Bxe5 15. dxe5 Nfd5 16. Nxd5 cxd5 17. Be3 Nc4 18. Bd4 b6 19. Qe2 Rfc8 20. c3 Qe7 21. Bxc4 Rxc4 22. Qe3 Rac8 23. a4 Qd8 24. Rec1 Ra8 25. a5 bxa5 26. Rxa5 Kh7 27. Rca1 Qh4 28. Rxa7 Rxa7 29. Rxa7 Qh5 30. g4 Bxg4 31. hxg4 Qxg4+ 32. Qg3 Qxg3+ 33. fxg3 Kg6 34. Ra5 Rc8 35. b5 Kf5 36. b6 f6 37. exf6 gxf6 38. b7 Rb8 39. Rb5 1-0

[Event "Bad Woerishofen Seniors op 17th"]
[Site "Bad Woerishofen"]
[Date "2001.03.18"]
[Round "4"]
[White "Eisenhuth, Matthias"]
[Black "Geckle, Gerhard"]
[Result "1-0"]
[WhiteElo "1718"]
[BlackElo "1531"]
[PlyCount "147"]
[EventDate "2001.03.??"]
[EventType "swiss"]
[EventRounds "9"]
[EventCountry "GER"]
[SourceTitle "EXT 2002"]
[Source "ChessBase"]
[SourceDate "2001.11.25"]
[SourceVersion "1"]
[SourceVersionDate "2001.11.25"]
[SourceQuality "1"]

1. d4 f5 2. c4 g6 3. Nc3 Nf6 4. f3 Bg7 5. e4 fxe4 6. fxe4 0-0 7. e5 Nh5 8. Nf3 c6 9. Be2 Nf4 10. 0-0 Nxe2+ 11. Qxe2 d5 12. h3 e6 13. Bg5 Qe8 14. c5 b6 15. b4 Ba6 16. b5 cxb5 17. Qd2 b4 18. Ne2 Nc6 19. Rfc1 Bc4 20. cxb6 axb6 21. Ng3 Ra3 22. Kh2 b5 23. Bh6 Rf7 24. Bxg7 Kxg7 25. Qg5 Rfa7 26. Nh5+ Kh8 27. Qf6+ Kg8 28. Qg5 Qe7 29. Nf6+ Kh8 30. Qh4 Rxf3 31. gxf3 Na5 32. Rg1 Qf7 33. Qh6 Bd3 34. Rac1 Nc4 35. Rg2 Qg7 36. Qf4 Ra8 37. Rcg1 Qf7 38. Qh6 Qg7 39. Qc1 Bf5 40. Qe1 Qe7 41. h4 Ra3 42. Qe2 Bd3 43. Qf2 Bf5 44. Rg3 Rd3 45. Re1 Rd2 46. Re2 Rxe2 47. Qxe2 Qa7 48. h5 Qxd4 49. hxg6 hxg6 50. Ng4 Qf4 51. Kg2 Qd2 52. Qxd2 Nxd2 53. Ne3 Bb1 54. Nf1 Nxf1 55. Kxf1 Kg7 56. Rg2 d4 57. Ke1 d3 58. Rb2 Bc2 59. Rxb4 Ba4 60. Kd2 Kh6 61. Kxd3 Kg5 62. Ke3 Kf5 63. f4 g5 64. fxg5 Kxg5 65. Rf4 Bc2 66. Rf2 Bb1 67. Kd4 Bg6 68. Kc5 Be8 69. Kd6 Kg6 70. Kxe6 b4 71. Rg2+ Kh5 72. Kf6 Bc6 73. Rb2 Bd5 74. e6 1-0